13 cartas inéditas de Miguel de Unamuno a Alberto Nin Frías

保存先:
書誌詳細
第一著者: Unamuno, Miguel de (著者)
フォーマット: 図書
言語:スペイン語
出版事項: Buenos Aires La Mandrágora 1962
シリーズ:Colección Testimonios del Siglo XX
主題:
タグ: タグ追加
タグなし, このレコードへの初めてのタグを付けませんか!

MARC

LEADER 00000nam a2200000 a 4500
001 UCZ1614
003 CL-VaPUC
008 950831e19620000AG |||||||||||||||||spa|d
082 0 4 |a 866  |b UNA  |2 21 
100 0 |a Unamuno, Miguel de  |e author  |9 312478 
245 1 0 |a 13 cartas inéditas de Miguel de Unamuno a Alberto Nin Frías 
300 |a 124 p 
942 |c BK 
945 |d 19950831 00:00:00  |a awong 
260 |a Buenos Aires  |b La Mandrágora  |c 1962 
600 0 7 |a NIN FRIAS, ALBERTO  |2 CL-VaPUC  |9 345222 
650 7 |a CORRESPONDENCIAS  |2 CL-VaPUC  |9 256500 
650 0 |a Literatura española  |9 306261 
583 |a last modification  |c 19950831 00:00:00  |k Rodrigo Vera 
490 0 |a Colección Testimonios del Siglo XX 
999 |c 238342  |d 238340 
952 |0 0  |1 0  |4 0  |6 866_000000000000000_UNA_1962  |7 0  |8 A  |9 248478  |a BIBEDU  |b BIBEDU  |d 2019-11-18  |i 3123014  |o 866 UNA 1962  |p 3123014  |r 2019-11-18  |w 2019-11-18  |y BK  |k LIT 
952 |0 0  |1 0  |4 0  |6 866_000000000000000_UNA_1962  |7 0  |8 A  |9 248479  |a BIBEDU  |b BIBEDU  |d 2019-11-18  |i 1453130  |o 866 UNA 1962  |p 1453130  |r 2019-11-18  |w 2019-11-18  |y BK  |k LIT